Open source web development with lamp : using linux, apache, mysql perl and PHP (Record no. 181019)

MARC details
000 -LEADER
fixed length control field 00540nam a2200169Ia 4500
005 - DATE AND TIME OF LATEST TRANSACTION
control field 20250313172346.0
008 - FIXED-LENGTH DATA ELEMENTS--GENERAL INFORMATION
fixed length control field 231217s9999 xx 000 0 und d
020 ## - INTERNATIONAL STANDARD BOOK NUMBER
International Standard Book Number 9788177580358
082 ## - DEWEY DECIMAL CLASSIFICATION NUMBER
Classification number 001.64404 LEE;43
100 ## - MAIN ENTRY--PERSONAL NAME
Personal name Lee, James. Ware, Brent.
245 #0 - TITLE STATEMENT
Title Open source web development with lamp : using linux, apache, mysql perl and PHP
260 ## - PUBLICATION, DISTRIBUTION, ETC. (IMPRINT)
Date of publication, distribution, etc. 2003
Name of publisher, distributor, etc. Pearson Education
Place of publication, distribution, etc. Delhi
300 ## - PHYSICAL DESCRIPTION
Extent xxxiv+460
500 ## - GENERAL NOTE
General note Content page available
650 ## - SUBJECT ADDED ENTRY--TOPICAL TERM
Topical term or geographic name as entry element Open,source,lamp,using,linux,,apache,,mysql,perl,PHP
942 ## - ADDED ENTRY ELEMENTS (KOHA)
Koha item type Books
Holdings
Date last seen Total Checkouts Full call number Accession number Old discount Uniform Resource Identifier Price effective from Category Lost status Damaged status Department Withdrawn status bill date Permanent Location Current Location Shelving location Entry date Grants Currency symbol Conversion rate Discount Discount type
26/01/2024   001.64404 LEE;43 49816   digital/contents/48747.pdf 26/01/2024 Books     Information Science   20/06/2011 Central Library Central Library Information Science 20/08/2008 IS RS 1   Rupees

© For any Suggestions or Query, please contact the library staff @ librarian@pes.edu or Phone: +9180 2672 1983/ 2108.